Premena výrobných podnikov pre 21. storočie. 3. Hlavné princípy štíhleho podniku.

Hlavné princípy štíhleho podniku. Zjednodušenie výrobnej štruktúry a riadiacich hierarchií, spolupráca s dodávateľmi, neustále zlepšovanie výrobných procesov, znižovanie nákladov a zvyšovanie akosti výrobkov. Použitie lean production v Európe a USA v poslednom období donútil mnohé mamutie podniky k...

Description complète

Enregistré dans:
Détails bibliographiques
Auteur principal: Košturiak, Ján
Autres auteurs: Gregor, M., Strýček, Pavol
Format: Chapitre de livre
Langue:slovaque
Sujets:
Tags: Ajouter un tag
Pas de tags, Soyez le premier à ajouter un tag!

MARC

LEADER 00000naa a2200000 4500
001 r013176
005 20221129133908.1
041 0 |a slo 
044 |a CZ 
245 1 0 |a Premena výrobných podnikov pre 21. storočie. 3.  |b Hlavné princípy štíhleho podniku.  |c Ján Košturiak, M. Gregor, P. Strýček 
520 |a Hlavné princípy štíhleho podniku. Zjednodušenie výrobnej štruktúry a riadiacich hierarchií, spolupráca s dodávateľmi, neustále zlepšovanie výrobných procesov, znižovanie nákladov a zvyšovanie akosti výrobkov. Použitie lean production v Európe a USA v poslednom období donútil mnohé mamutie podniky k pohybu a zoštíhľovaniu. 
610 2 0 |a podnik výrobný 
610 2 0 |a manažment 
610 2 0 |a výroba štíhla 
610 2 0 |a Japonsko 
610 2 0 |a USA 
610 2 0 |a Európa 
100 1 |a Košturiak, Ján 
700 1 |a Gregor, M. 
700 1 |a Strýček, Pavol